Disney Movie Quotes Quiz Stats

 Plays Quiz Updated Jun 19, 2015

Challenge
Share
Tweet
Embed
Score 0/24 Timer 06:00
8 Plays Today
% Correct
Frozen
92.7%
Aladdin
92.7%
Sleeping Beauty
91%
Lilo and Stitch
87.5%
Tarzan
85.2%
Peter Pan
82.2%
The Little Mermaid
79.8%
Mulan
79.7%
The Jungle Book
78.9%
Alice in Wonderland
76.5%
Bambi
75.7%
Cinderella
73.7%
% Correct
Oliver & Company
71.3%
Robin Hood
70.4%
The Hunchback of Notre Dame
65.4%
The Lion King
63.9%
Tangled
62.6%
Pocahontas
59.8%
The Aristocats
54.9%
The Sword in the Stone
53.9%
The Fox and the Hound
53.6%
Beauty and the Beast
50.7%
One Hundred and One Dalmatians
50.6%
The Emperor's New Groove
49.3%

You're not logged in!

Compare scores with friends on all Sporcle quizzes.
Join for Free
OR
Log In

You Might Also Like...

Show Comments

Extras

Top Quizzes Today


Score Distribution

Your Account Isn't Verified!

In order to create a playlist on Sporcle, you need to verify the email address you used during registration. Go to your Sporcle Settings to finish the process.

Report this User

Report this user for behavior that violates our Community Guidelines.

Details: